00766na a2200217 450000100060000000300080000600500170001400800410003102000150007203500100008704000250009708200260012210000240014824501340017226000380030630000180034449000480036260000620041065000560047265000200052813751MIRAKIL20181213155243.0160818b tu 000 0  a9751600782 a13751 aMilasbturcTR-AnCHP aATA 320.15bF39t 1998 aFeyzioğlu, Turhan aTürk milli mücadelesinin ve Atatürkçülüğün temel ilkelerinden biri olarak millet egemenliğicTurhan Feyzioğlu aAnkarabTürk Tarih Kurumuc1988 a83 s.c23 sm. aAtatürk ve Atatürkçülük dizisiv7 aAtatürk, Mustafa Kemald1881-1938xAtatürk devrimleri aTürkiye Cumhuriyeti d1923-1982xSiyasal yaşam  aMilli egemenlik